| 000 | 01392 a2200349 4500 | ||
|---|---|---|---|
| 003 | OSt | ||
| 005 | 20180116192358.0 | ||
| 008 | 120702t xxu||||| |||| 00| 0 eng d | ||
| 010 | _a 2010281508 | ||
| 020 | _a9780714848556 | ||
| 020 | _a0714848557 | ||
| 028 | 5 | 2 | _a4855 |
| 035 | _a(OCoLC)ocn172979961 | ||
| 040 | _c0 | ||
| 082 | 0 | 4 | _a741.6 |
| 245 | 0 | 0 |
_aArea 2 : _b100 graphic designers, 10 curators, 10 design classics. |
| 246 | 3 | _aHundred graphic designers, ten curators, ten design classics | |
| 246 | 3 |
_aArea two : _b100 graphic designers, 10 curators, 10 design classics |
|
| 260 |
_aLondon ; _bNew York : _bPhaidon Press, _c2008. |
||
| 300 |
_a444 p. : _bill. (chiefly col.) ; _c30 cm. |
||
| 520 | _a"100 of the most creative designers to have emerged on the international scene over the past five years, chosen by 10 of the most respected figures in the field"--Publisher. | ||
| 650 | 1 | 0 |
_aGraphic arts _xHistory _y20th century _95186 |
| 650 | 1 | 0 |
_aGraphic arts _xHistory _y21st century _95187 |
| 650 | 1 | 0 |
_aCommercial art _xHistory _y20th century _95188 |
| 650 | 1 | 0 |
_aCommercial art _xHistory _y21st century _95189 |
| 650 | 1 | 0 |
_aGrafische vormgeving. _95190 |
| 650 | 1 | 0 |
_aOntwerpers. _95191 |
| 650 | 0 |
_aGebrauchsgraphik. _95192 |
|
| 655 | 7 |
_aBeispielsammlung. _95193 |
|
| 942 |
_aSADA _cBK _k741.6 ARE 2008 _2ddc |
||
| 999 |
_c353206 _d353206 |
||